1364 1942 1620 1870 1977 1983 1164 1799 1938 1781 1905 1778 1539 1225 1272 1390 1621 1968 1961 1489 1639 1919 1746 1155 1097 1352 1938 1315 1856 1409 1874 1764 1130 1735 1569 1027 1695 1010 1665 1123 1102 1764 1605 1517 1619 1588 1726 1987 1083 1948 1946 1860 1922 1081 1035 1349 1681 1178 1192 1747 1622 1303 1687 1204 1011 1422 1126 1598 1151 1635 1884 1325 1097 1851 1199 1099 1932 1169 1693 1388 1525 1661 1092 1701 1939 1432 1320 1387 1260 1706 1835 1280 1208 1384 1823 1605 1583 2000 1526 BCNSPRNW ULIB Ver.6.0+V

เปลี่ยนเป็นภาษาไทย

Change to English
 แสดงรายละเอียดบรรณานุกรม
  กลับหน้าหลัก

Brief Record : Get Marc (ISO 2709) : E-mail record : QR code < ปิดหน้าต่าง
LEADER : 00000nam 2200000uu 4500
001    13399126173
003     ULIB
008    020711s2560 th a 000 0 tha d
060    วจ^aWY157^bศ722ผ
100    ^aศุภวดี แถวเพีย, ฉวีวรรณ ดียิ่ง, รัชนี พจนา, ฉายวสันต์ คุณอุดม และพัชราภรณ์ เจียระนัยะนะกิจ
245    ^aผลของอายุมารดาต่อการเกิดภาวะแทรกซ้อนขณะตั้งครรภ์ คลอด และหลังคลอด ในมารดาที่คลอด ณ โรงพยาบาลขอนแก่น : Impact of Maternal Age on Obstetric Outcome during Pregnancy, Intrapartum, and Postpartum Period at Khon Kaen Hospital
260    ^aขอนแก่น :^bโรงพยาบาลขอนแก่น,^c2560
300    ^a50 หน้า;^b30 ซม.
650    ^aตั้งครรภ์-ภาวะแทรกซ้อน
710    ^aโรงพยาบาลขอนแก่น
945    ^p0^l0^i004286
999    ^aประนอม เกษจรัล
รายการนี้ยังไม่มีแท็ก
คุณยังไม่ได้ล็อกอิน คุณสามารถมีกิจกรรมร่วมกับเว็บไซต์ได้ แต่ต้องล็อกอินก่อน ::
  ล็อกอิน

รายการสื่อสารสนเทศ

ลำดับที่ ประเภท เลขเรียก/บาร์โค้ด สถานที่ สถานะ
1. งานวิจัย
งานวิจัย
วจ WY157 ศ722ผ ฉ.1 
  Barcode: 004286
ห้องสมุดวิทยาเขตสวรรค์ประชารักษ์
►หนังสือทั่วไป
บนชั้น

BibComment


ยังไม่เคยถูกคอมเมนท์

คอมเมนท์ทรัพยากรรายการนี้
  คอมเมนท์: ผลของอายุมารดาต่..


 Copyright 2026. Bcnsprnw @Library